Cuán bestia soy! /
Guardado en:
| Formato: | Objeto Físico |
|---|---|
| Publicado: |
Argentina :
Kipo's,
[199?]
|
| Materias: | |
| Etiquetas: |
Agregar Etiqueta
Sin Etiquetas, Sea el primero en etiquetar este registro!
|
| LEADER | 00898nrm a22001815g 4500 | ||
|---|---|---|---|
| 001 | CEM.cems019136 | ||
| 008 | 130507b199?##################0###0#####d | ||
| 005 | 20220829170011.0 | ||
| 003 | CEMS | ||
| 245 | 0 | 0 | |a Cuán bestia soy! / |c Kipo's Los Juegos Del Mundo. |
| 260 | |a Argentina : |b Kipo's, |c [199?] | ||
| 300 | |a 1 juego (1 tablero-p.osiciones, 8 fichas, 1 tablero-letras, 1 peón, 1 dado, 1 tarjeta-mano, 1 mazo de temas, 1 block, 8 lápices, 1 bonete) ; en caja 42 x 32 x 5 cm. + manual de instrucciones. | ||
| 490 | L | o | | juegos de Tomás y Enrique. |
| 500 | |a Para 3 a 8 jugadores. a partir de 7 años y adultos. objetivo: sencilla competencia cultural para llegar primero al trono y alejarse de bestia. | ||
| 082 | 0 | 4 | |a J793.24 |
| 653 | |a 1. juegos de entretenimiento general | ||
| 859 | |a CEMS |b BIB. CEMS - Ludoteca |h J793.24 |i K628 |p 034.92 |t Ej.1 | ||
| 859 | |a CEMS |b BIB. CEMS - Ludoteca |h J793.24 |i K628 |p 057.92 |t Ej.2 | ||
